Have A Little Faith : (Record no. 14323)
[ view plain ]
| 000 -LEADER | |
|---|---|
| fixed length control field | 00654cam a2200229 a 4500 |
| 001 - CONTROL NUMBER | |
| control field | 15149838 |
| 005 - DATE AND TIME OF LATEST TRANSACTION | |
| control field | 20131208151107.0 |
| 008 - FIXED-LENGTH DATA ELEMENTS--GENERAL INFORMATION | |
| fixed length control field | 080122t2009 xxk gr 000 0 eng d |
| 020 ## - INTERNATIONAL STANDARD BOOK NUMBER | |
| International Standard Book Number | 9781847442918 |
| 040 ## - CATALOGING SOURCE | |
| Original cataloging agency | DLC |
| Transcribing agency | DLC |
| Modifying agency | DLC |
| 082 04 - DEWEY DECIMAL CLASSIFICATION NUMBER | |
| Edition number | 22 |
| Classification number | 296.7 |
| Item number | ALB |
| 100 1# - MAIN ENTRY--PERSONAL NAME | |
| Personal name | Albom, Mitch, |
| Dates associated with a name | 1958- |
| 9 (RLIN) | 15633 |
| 245 10 - TITLE STATEMENT | |
| Title | Have A Little Faith : |
| Remainder of title | A True Story / |
| Statement of responsibility, etc | Mitch Albom. |
| 260 ## - PUBLICATION, DISTRIBUTION, ETC. (IMPRINT) | |
| Place of publication, distribution, etc | London : |
| Name of publisher, distributor, etc | Sphere, |
| Date of publication, distribution, etc | c.2009. |
| 300 ## - PHYSICAL DESCRIPTION | |
| Extent | 254 p. : |
| Dimensions | 18 cm. |
| 590 ## - LOCAL NOTE (RLIN) | |
| Local note | Book for the road program. |
| 650 #0 - SUBJECT ADDED ENTRY--TOPICAL TERM | |
| Topical term or geographic name as entry element | Faith (Judaism) |
| 9 (RLIN) | 15634 |
| 650 #0 - SUBJECT ADDED ENTRY--TOPICAL TERM | |
| Topical term or geographic name as entry element | Faith. |
| 9 (RLIN) | 15635 |
| 653 ## - INDEX TERM--UNCONTROLLED | |
| Resource For college | |
| Arrived date list | December2013 |
| 655 ## - INDEX TERM--GENRE/FORM | |
| Form subdivision | |
| -- | 34232 |
| 942 ## - ADDED ENTRY ELEMENTS (KOHA) | |
| Source of classification or shelving scheme | Dewey Decimal Classification |
| Item type | Book - Borrowing |
| Call number prefix | 296.7 ALB |
| Withdrawn status | Item status | Source of classification or shelving scheme | Damaged status | Not for loan | Vendor | Home library | Current library | Shelving location | Date acquired | Source of acquisition | Cost, normal purchase price | Serial Enumeration / chronology | Total Checkouts | Total Renewals | Full call number | Barcode | Date last seen | Date last borrowed | Koha item type | Cost, replacement price |
|---|---|---|---|---|---|---|---|---|---|---|---|---|---|---|---|---|---|---|---|---|
| Dewey Decimal Classification | Baccah | Central Library | Central Library | Lower Floor | 01/07/2010 | 160.00 | 10497 | 8 | 48 | 296.7 ALB | 000021143 | 15/07/2025 | 15/10/2017 | Book - Borrowing | ||||||
| Dewey Decimal Classification | سور الازبكية | Central Library | Central Library | Lower Floor | 08/12/2013 | 25.00 | 3 | 47 | 296.7 ALB | 000035124 | 15/07/2025 | 19/01/2020 | Book - Borrowing | 31.25 |